[Event "Paris-ch op-A"]
[Site "Paris"]
[Date "2010.07.11"]
[Round "9"]
[White "Papion du Chateau, Mathieu"]
[Black "Belloulou, Jean Pierre"]
[Result "1-0"]
[WhiteElo "1819"]
[BlackElo "1875"]
[PlyCount "113"]
[EventDate "2010.07.03"]
[EventType "swiss"]
[EventRounds "9"]
[EventCountry "FRA"]
[SourceTitle "CBM 137 Extra"]
[Source "ChessBase"]
[SourceDate "2010.09.01"]
[SourceVersion "1"]
[SourceVersionDate "2010.09.01"]
[SourceQuality "1"]

1. d4 d5 2. c4 e6 3. Nc3 Nf6 4. cxd5 exd5 5. Bg5 Nbd7 6. e3 Be7 7. Bd3 c6 8. Qc2 h6 9. Bh4 Nh5 10. Bxe7 Qxe7 11. Nge2 Nhf6 12. Ng3 Nf8 13. Bf5 Ne6 14. Bh3 Nxd4 15. Qd3 Ne6 16. 0-0-0 0-0 17. Nf5 Qc5 18. Kb1 Ng5 19. Rc1 Be6 20. Ne2 Qb4 21. Ned4 Nfe4 22. Rc2 Kh8 23. f4 Nc5 24. Rxc5 Nxh3 25. Rc2 g6 26. Nh4 Qe7 27. Nhf3 Nxf4 28. exf4 Qf6 29. Nxe6 fxe6 30. Qd4 Qxd4 31. Nxd4 Rxf4 32. Nxe6 Re4 33. Nc5 Re7 34. Rf1 Rae8 35. Rcf2 Kg7 36. Kc2 b6 37. Nd3 c5 38. Kd2 g5 39. Re1 a5 40. Rfe2 Kf6 41. Rxe7 Rxe7 42. Rxe7 Kxe7 43. a4 Ke6 44. Ke3 Kf5 45. Nf2 h5 46. g3 Ke5 47. b3 Kf5 48. h3 Ke5 49. Nd1 Kf5 50. Kd3 h4 51. Ne3+ Ke6 52. gxh4 gxh4 53. Ng2 Kf5 54. Nxh4+ Kf4 55. Ng6+ Kg3 56. Ne7 d4 57. Nd5 1-0